000 01082nac a22002531u 4500
008 100914t xxu||||| |||| 00| 0 eng d
010 _a99054046
020 _a0071345183
020 _a0071345191
082 0 0 _a629.13252
_bILL
100 _aIllman, Paul E.
_919131
245 1 4 _aThe Pilot's Handbook of Aeronautical Knowledge /
_cPaul E. Illman.
250 _a4th ed.
260 _aNew York :
_bMcGraw-Hill,
_cc2000.
300 _ax, 614 p. :
_bill. ;
_c24 cm.
500 _aIncludes index.
650 0 _aAirplanes
_xPiloting.
_919132
650 0 _aAeronautics.
_919133
856 4 2 _3Contributor biographical information
_uhttp://www.loc.gov/catdir/bios/mh041/99054046.html
856 4 2 _uhttp://www.netLibrary.com/urlapi.asp?action=summary&v=1&bookid=63560
856 4 2 _3Table of contents
_uhttp://www.loc.gov/catdir/toc/mh023/99054046.html
942 _cBB
_k629.13252 ILL
_2ddc
999 _c1016
_d1016